| 000 | 00713nam a22002297a 4500 | ||
|---|---|---|---|
| 999 |
_c13329 _d13329 |
||
| 003 | AR-CdUCM | ||
| 008 | 190412b ||||| |||| 00| 0 spa d | ||
| 020 | _a978-612-309-156-9 | ||
| 040 |
_aMUNICIPALIDAD PROVINCIAL DEL CUSCO _cBIBLIOTECA MUNICIPAL DEL CUSCO |
||
| 082 |
_aEP / 372.808 / _bP33 |
||
| 100 |
_aPaz, Andrea _931697 |
||
| 245 | _aTusuj, un Cuy muy Especial / | ||
| 260 |
_aLima : _bSantillana ; _c2014. |
||
| 300 |
_a40 páginas ; _bIlustraciones _c22cm |
||
| 440 |
_aCuenta Cosas - Alfaguara _931695 |
||
| 505 | _aContenido: Cuentos | ||
| 650 |
_aCuentos _9312 |
||
| 650 |
_aEducación primaria _91561 |
||
| 700 |
_aPaz, Claudia _924600 |
||
| 942 |
_2ddc _cLIBROS |
||
| 945 |
_anom _d2019-04-12 |
||